KPop Demon Hunters: Huntr/x or Saja Boys? - Statistics

General Stats
  • This quiz has been taken 909 times
  • The average score is 6 of 6
Answer Stats
Question Answer % Correct
Takedown Huntr/x
99%
Golden Huntr/x
99%
Soda Pop Saja Boys
99%
Your Idol Saja Boys
97%
What it Sounds Like Huntr/x
95%
How It's Done Huntr/x
94%
No matching quizzes found
Score Distribution
Percent of People with Each Score
Percentile by Number Answered
Your Score History
You have not taken this quiz